01200 a2200229 4500003000500000005001700005010001600022020003000038040000900068082001400077100002000091245006400111250001200175260003100187300006600218505045900284650002300743650002500766651001700791856008800808856007400896Nust20230905105438.0 a 99049144 c0471366013 (cloth/CD-ROM) cNust00a629.8,NIS1 aNise, Norman S.10aControl systems engineering / (Include CD)cNorman S. Nise. a3rd ed. aNew York :bWiley,cc2000. axxii, 970 p. :bill. ;c24 cm. +e1 computer disc : 4 3/4 in. aIntroduction (Page-1), Modeling in the Frequency Domain (Page-37), Modeling in the Time Domain (Page-127), Time Response (Page-174), Reduction of Multiple Subsystems (Page-250), Stability (Page-321), Steady-State Errors (Page-367), Root Locus Techniques (Page-422), Design Via Root Locus (Page-495), Frequency Response Techniques (Page-585), Design Via Frequency Response (Page-684), Design Via State Space (Page-719), Digital Control Systems (Page-778). 0aAutomatic control. 0aSystems engineering. a(Include CD)423Publisher descriptionuhttp://www.loc.gov/catdir/description/wiley032/99049144.html423Table of Contentsuhttp://www.loc.gov/catdir/toc/onix03/99049144.html